Pokémon - Les attaques de Bérasca - Statistiques

Statistiques générales
  • Ce quiz a été pris 15 fois
  • Le résultat moyen est 10 sur 19
Statistiques - réponses
Niveaux Types Noms des attaques % Correct
Niveau 50 Psy Psyko
100%
Niveau 15 Psy Rafale Psy
100%
Niveau 45 Insecte Bourdon
86%
Départ Psy Choc Mental
86%
Niveau 4 Sol Jet de Sable
71%
Niveau 7 Insecte Survinsecte
71%
Départ Normal Charge
57%
Niveau 20 Insecte Piqûre
57%
Niveau 11 Roche Roulade
57%
Départ Normal Boost
43%
Niveau 35 Insecte Furie-Bond
43%
Niveau 40 Psy Permuforce
43%
Niveau 40 Psy Permugarde
43%
Niveau 40 Psy Permuvitesse
43%
Niveau 24 Normal Bélier
29%
Départ Normal Boul'Armure
29%
Niveau 29 Psy Extrasenseur
14%
Départ Normal Rune Protect
14%
Départ Évolution Normal Second Souffle
14%
Aucun quiz correspondant
Distribution des résultats
% des personnes avec chaque résultat
Percentile par nombre de réponses
Votre historique - résultats
Vous n’avez pas pris ce quiz